Szervezet - változtatás és fejlesztés - a helyzetfelmérés során alkalmazott módszerek = Organizational change and development - methods for the taking

In this study we present the most commonly used definitions of organization and determine the role and the importance of organization development in the the XXI. century’s management process. In this area, we conducting independent research and advisory services. We describe in detail methods and re...

Teljes leírás

Elmentve itt :
Bibliográfiai részletek
Szerzők: Pierog Anita
Szabados Krisztián
Dokumentumtípus: Cikk
Megjelent: Egyesület Közép-Európa Kutatására Szeged 2015
Sorozat:Taylor : gazdálkodás- és szervezéstudományi folyóirat 7 No. 1-2
Kulcsszavak:Szervezetfejlesztés - vállalati
Tárgyszavak:
Online Access:http://acta.bibl.u-szeged.hu/36299
LEADER 01988nab a2200241 i 4500
001 acta36299
005 20260109152307.0
008 161017s2015 hu o 000 hun d
022 |a 2062-1396 
040 |a SZTE Egyetemi Kiadványok Repozitórium  |b hun 
041 |a hun 
041 |a eng 
100 1 |a Pierog Anita 
245 1 0 |a Szervezet - változtatás és fejlesztés - a helyzetfelmérés során alkalmazott módszerek = Organizational change and development - methods for the taking  |h [elektronikus dokumentum] /  |c  Pierog Anita 
260 |a Egyesület Közép-Európa Kutatására  |b Szeged  |c 2015 
300 |a 51-57 
490 0 |a Taylor : gazdálkodás- és szervezéstudományi folyóirat  |v 7 No. 1-2 
520 3 |a In this study we present the most commonly used definitions of organization and determine the role and the importance of organization development in the the XXI. century’s management process. In this area, we conducting independent research and advisory services. We describe in detail methods and results on the basis of these experiences.. In addition to the described 7 method, depending on the purpose of the study other procedures can be used, too. As the presentation clears up, we do not use all of the methods, we pay attention to the caracteristics and parameters of the organization and then choose the right one. . It is important for us to give useful advices to the examined organization. We pay attention to give advices wich are are in line with the objectives of the organization and improve both their effectiveness and efficiency in an appropriate manner. The tey to achive this the importance of choosing the right methods and adapt them as an organization-specific practice. 
650 4 |a Társadalomtudományok 
650 4 |a Közgazdasági és gazdálkodástudományok 
695 |a Szervezetfejlesztés - vállalati 
700 0 1 |a Szabados Krisztián  |e aut 
856 4 0 |u http://acta.bibl.u-szeged.hu/36299/1/vikek_018_019_051-057.pdf  |z Dokumentum-elérés